000 00306nam a22001337a 4500
008 180806b xxu||||| |||| 00| 0 eng d
082 _a813.52
245 _aCardiopulmonary Anatomy Physiology
_cThomson
260 _c2008
300 _a1
_fCD
440 _x18006487450
760 _b5th
942 _2ddc
_cMX
999 _c46871
_d46871